Indices Titulorum et Legum. Corporis Iuris Civilis.
Tallennettuna:
| Päätekijä: | |
|---|---|
| Muut tekijät: | |
| Aineistotyyppi: | Kirja |
| Julkaistu: |
Roma, Italia:
Commentarium pro Religiosis,
1965.
|
| Sarja: | Universa bibliotheca iuris. Subsidia,
|
| Aiheet: | |
| Tagit: |
Lisää tagi
Ei tageja, Lisää ensimmäinen tagi!
|
MARC
| LEADER | 00000nam a22000007a 4500 | ||
|---|---|---|---|
| 003 | CL-VaPUC | ||
| 005 | 20220923155950.0 | ||
| 008 | 220812t1965 ||||| |||| 00| 0 eng d | ||
| 999 | |c 438314 |d 438312 | ||
| 040 | |c Pontificia Universidad Católica de Valparaíso | ||
| 082 | 0 | 4 | |a 340.543016 OCH 1965 |2 21 |
| 100 | |a Ochoa, Xaverio |e curantibus |9 492847 | ||
| 245 | 1 | 0 | |a Indices Titulorum et Legum. |b Corporis Iuris Civilis. |
| 260 | |a Roma, Italia: |b Commentarium pro Religiosis, |c 1965. | ||
| 300 | |a 291 páginas. | ||
| 490 | 0 | |a Universa bibliotheca iuris. Subsidia, |n II. | |
| 500 | |a c.1 Donación Familia Prof. Alejandro Guzmán Brito. | ||
| 583 | |a last modification |c 20050603 00:00:00 |k Cristina María Rojas Aguilar | ||
| 650 | |a Derecho romano |9 875509 | ||
| 650 | |a Derecho civil |9 255013 | ||
| 700 | 0 | |a Diez, Aloisio |e curantibus |9 492848 | |
| 942 | |c BK |2 ddc |n 0 | ||
| 952 | |0 0 |1 0 |2 ddc |4 0 |6 340_543016000000000_OCH_1965 |7 1 |8 C_AGB |9 586209 |a BIBDER |b BIBDER |d 2022-08-12 |e Donación |i 5654166 |o 340.543016 OCH 1965 |p 5654166 |r 2023-01-25 |t 1 |w 2022-08-12 |y BK_US |k AGB | ||